000 00542nam a22002057a 4500
003 OSt
005 20150420145057.0
008 140707b xxu||||| |||| 00| 0 eng d
020 _a9780230295322
040 _cDDC
082 _222nd ed.
_a001.42 SAR 2013
100 _aSarantakos, Sotirios
_93943
245 _aSocial research
250 _a4th ed.
260 _aLondon;
_bPalgrave,
_c2013
300 _axxiii,509p;
_bill:
_c25cm
504 _aGlossary, bibliography & index included
650 _aResearch methods
_9367
942 _2ddc
_cSLOAN
999 _c139
_d139